| 000 | 01602nam0a2200337 4500 | ||
|---|---|---|---|
| 001 | RU\NLR\bibl\1416896 | ||
| 005 | 20250615213206.0 | ||
| 010 |
_a978-5-88934-400-1 _9300 |
||
| 021 |
_aRU _b2009-58929 _93639 |
||
| 035 | _a(nilc)RSL-KNO-004360506 | ||
| 035 | _a(NLR Aleph) 001408853 | ||
| 090 |
_a1269448 _c1269448 |
||
| 100 | _a20090709d2009 |||y0rusy50 ca | ||
| 101 | 0 | _arus | |
| 102 | _aRU | ||
| 105 | _aa ||||||||| | ||
| 200 | 1 |
_aТалант созидателя _eк 70-летию со дня рождения Анатолия Ивановича Завражнова _fВалерий Аршанский _gМ-во сельского хоз-ва РФ, Федеральное гос. образовательное учреждение высш проф. образования "Мичуринский гос. аграрный ун-т" |
|
| 210 |
_aТамбов _cПролетарский светоч _d2009 |
||
| 215 |
_a107 с. _cил., портр., цв. ил. _d21 |
||
| 320 | _aБиблиогр.: с. 66-106 | ||
| 600 | 1 |
_aЗавражнов _bА.И. _f1939 _gАнатолий Иванович _jБиобиблиография _92570145 _3RU\NLR\auth\661519896 |
|
| 686 |
_aП07д(2)Завражнов А.И.,0 _2rubbk |
||
| 686 | _aП07д(2)Завражнов | ||
| 700 | 1 |
_aАршанский _bВ. С. _gВалерий Семенович _4070 |
|
| 702 | 1 |
_aЗавражнов _bА. И. _gАнатолий Иванович _4570 |
|
| 801 | 0 |
_aRU _bРКП _c20090709 _grcr |
|
| 801 | 1 |
_aRU _bРГБ _c20090709 |
|
| 801 | 2 |
_aRU _bNLR _c20090925 _grcr |
|
| 942 | _cBOOK | ||
| 980 | _aNB | ||